Oldřich Daněk: Jelentés N. város sebészetéröl 1986. Febr. 28. Színlap

Bibliographic Details
Corporate Author: Maďarské oblastné divadlo - Magyar Területi Színház (Author)
Format: Book
Language:Hungarian
PhysicalDescription:1 list zlož. v [8] s., [12] voľ. fot. príl. 8°
Published: Komárom Magyar Területi Színház [1986]
Subjects:

MARC

LEADER 00000nam a2200000 a 4500
001 vtls001323428
003 SK-MaSNL
005 20260301005509.0
008 180815s1986 xo 0 hun
035 |a SNK000276121 
040 |a SNK  |b slo  |c SNK  |e AACR2 
041 0 |a hun 
044 |a xo  |c SK 
080 |a 792.082(437.617-21)  |2 1981 
110 2 |a Maďarské oblastné divadlo - Magyar Területi Színház  |4 aut  |9 97707 
245 1 |a Oldřich Daněk: Jelentés N. város sebészetéröl  |b 1986. Febr. 28. Színlap 
260 |a Komárom  |b Magyar Területi Színház  |c [1986] 
300 |a 1 list zlož. v [8] s., [12] voľ. fot. príl.  |c 8° 
500 |a Súbež. názov a text slov. 
610 2 7 |a Maďarské oblastné divadlo - Magyar Területi Színház  |2 SNK  |9 97707 
958 |a OND 
958 |a RK 
999 |c 545340  |d 547270 
952 |t P60, <03>, [BOOK], {603}  |a SNK  |b SNK  |y PREZ  |7 0  |o snkOSC 14334  |i snkD 3149/91  |0 0  |1 0  |4 0  |d 1998-03-05  |l 0  |r 2005-01-02 00:00:00  |w 2026-02-23